[Event "Sao Paulo Paulista-ch"]
[Site "Sao Paulo"]
[Date "2007.07.01"]
[Round "7"]
[White "Sztokbant, Bernardo Vainzoff"]
[Black "Junqueira, Henrique Zerbini"]
[Result "1-0"]
[WhiteElo "1957"]
[BlackElo "1825"]
[PlyCount "81"]
[EventDate "2007.06.28"]
[EventType "swiss"]
[EventRounds "7"]
[EventCountry "BRA"]
[SourceTitle "CBM 119 Extra"]
[Source "ChessBase"]
[SourceDate "2007.09.04"]
[SourceVersion "1"]
[SourceVersionDate "2007.09.04"]
[SourceQuality "1"]

1. e4 d5 2. exd5 Nf6 3. Nf3 Nxd5 4. d4 Nc6 5. c3 Bg4 6. h3 Bh5 7. Bb5 Qd6 8. c4 Bxf3 9. Qxf3 Ndb4 10. Ba4 0-0-0 11. Bf4 Nxd4 12. Bxd6 Nxf3+ 13. gxf3 Rxd6 14. 0-0 Rg6+ 15. Kh1 e6 16. Nc3 Bd6 17. a3 Nd3 18. Bc2 Nxf2+ 19. Rxf2 Rg3 20. f4 Rxh3+ 21. Kg2 Rh4 22. Kg3 g5 23. Ne2 h5 24. Kg2 Bc5 25. Rf3 Rg8 26. fxg5 Rxg5+ 27. Rg3 Rf5 28. Bxf5 exf5 29. Rd1 b6 30. b4 Bd6 31. Rh3 Rg4+ 32. Kf2 a5 33. Rxh5 axb4 34. axb4 Bxb4 35. Rc1 Bc5+ 36. Kf3 Re4 37. Rc3 Re5 38. Nf4 Re1 39. Nd3 Re3+ 40. Kf4 Bd4 41. Rxf5 1-0

[Event "Sao Paulo Paulista-ch"]
[Site "Sao Paulo"]
[Date "2007.06.30"]
[Round "5"]
[White "Nascimento, Pablo"]
[Black "Junqueira, Henrique Zerbini"]
[Result "1/2-1/2"]
[WhiteElo "2027"]
[BlackElo "1825"]
[PlyCount "154"]
[EventDate "2007.06.28"]
[EventType "swiss"]
[EventRounds "7"]
[EventCountry "BRA"]
[SourceTitle "CBM 119 Extra"]
[Source "ChessBase"]
[SourceDate "2007.09.04"]
[SourceVersion "1"]
[SourceVersionDate "2007.09.04"]
[SourceQuality "1"]

1. e4 d5 2. exd5 Nf6 3. Nc3 Nxd5 4. Bc4 Nxc3 5. Qf3 e6 6. Qxc3 Nc6 7. a3 Qd4 8. Nf3 Qxc3 9. dxc3 Bc5 10. Bf4 Bd6 11. Be3 0-0 12. 0-0-0 a6 13. Ng5 b5 14. Be2 Bb7 15. Ne4 Rad8 16. Nc5 Bxc5 17. Bxc5 Rxd1+ 18. Rxd1 Rd8 19. Rxd8+ Nxd8 20. f3 Bd5 21. b3 Nb7 22. Be3 c5 23. a4 Bc6 24. Kb2 Kf8 25. axb5 axb5 26. c4 b4 27. c3 bxc3+ 28. Kxc3 Ke7 29. b4 cxb4+ 30. Kxb4 f5 31. Bd4 g5 32. g3 h5 33. f4 g4 34. c5 Kd7 35. Bf6 Kc7 36. Bb5 Bd5 37. Be8 Be4 38. Bxh5 Bd5 39. Bf7 Kc6 40. Be8+ Kc7 41. Kb5 Be4 42. Be7 Bd5 43. c6 Nd8 44. Bxd8+ Kxd8 45. Bd7 Kc7 46. Kc5 Ba2 47. Be8 Bd5 48. Bd7 Ba2 49. Kd4 Kd6 50. Bc8 Kc7 51. Bb7 Kd6 52. Ba8 Bb3 53. Bb7 Ba2 54. Ba8 Bb3 55. c7 Kxc7 56. Ke5 Kd7 57. Bg2 Bc4 58. h4 gxh3 59. Bxh3 Ba2 60. Bxf5 exf5 61. Kxf5 Ke8 62. Kf6 Kf8 63. g4 Bg8 64. f5 Ba2 65. g5 Bg8 66. g6 Ba2 67. Kg5 Bc4 68. f6 Ba2 69. Kh6 Bg8 70. Kg5 Ba2 71. Kh5 Bg8 72. Kh6 Be6 73. g7+ Kf7 74. Kg5 Kg8 75. Kg6 Bf7+ 76. Kf5 Bg6+ 77. Ke6 Bf7+ 1/2-1/2

[Event "Sao Paulo Paulista-ch"]
[Site "Sao Paulo"]
[Date "2007.06.28"]
[Round "1"]
[White "Cajal, Andre"]
[Black "Junqueira, Henrique Zerbini"]
[Result "1-0"]
[WhiteElo "2113"]
[BlackElo "1825"]
[PlyCount "76"]
[EventDate "2007.06.28"]
[EventType "swiss"]
[EventRounds "7"]
[EventCountry "BRA"]
[SourceTitle "CBM 119 Extra"]
[Source "ChessBase"]
[SourceDate "2007.09.04"]
[SourceVersion "1"]
[SourceVersionDate "2007.09.04"]
[SourceQuality "1"]

1. e4 d5 2. exd5 Nf6 3. c4 c6 4. Nc3 cxd5 5. d4 Bf5 6. Qb3 Qb6 7. Qxb6 axb6 8. cxd5 g6 9. Bf4 Bg7 10. Bc4 Na6 11. Nf3 0-0 12. 0-0 Rac8 13. Bb3 Ne4 14. Rfe1 Nxc3 15. bxc3 Rxc3 16. Rxe7 Rfc8 17. h3 R8c7 18. Bxc7 Bf6 19. Ree1 Rxc7 20. Ne5 Nb4 21. d6 Rc8 22. Nxf7 Nc2 23. d7 Nxa1 24. dxc8Q+ Bxc8 25. Rxa1 Kf8 26. Ne5 Ke7 27. Rc1 Bf5 28. Rc7+ Kd6 29. Rxb7 Bd8 30. g4 Bc8 31. Nf7+ Kc6 32. Nxd8+ Kb5 33. Rxh7 Ba6 34. Rg7 Ka5 35. Rxg6 b5 36. Nc6+ Kb6 37. Nb4+ Ka5 38. Rxa6+ Kxb4 1-0